| 000 | 00396nam a2200133Ia 4500 | ||
|---|---|---|---|
| 008 | 191014s9999 xx 000 0 und d | ||
| 020 | _a981-02-3638-7 | ||
| 082 |
_a539.72 _bANT |
||
| 100 |
_aL.Antoniadis,L.E.Ibanez,J.W.F.Valle _923962 |
||
| 245 | 0 | _aBeyond the Standard Model for Theory to Experiment | |
| 260 |
_aSingapore _bWorld Scientific Company _c1998 |
||
| 300 | _aXi,476 | ||
| 942 | _cBK | ||
| 999 |
_c531111 _d531111 |
||